[Event "29th NATO Chess Championship"]
[Site "Lubbock"]
[Date "2018.06.04"]
[Round "1.1"]
[White "Drabke, Lorenz Maximilian"]
[Black "Cirkvencic, Franci"]
[Result "1-0"]
[WhiteElo "2419"]
[BlackElo "2026"]
[PlyCount "91"]
[EventDate "2018.06.04"]
[EventType "swiss"]
[EventRounds "7"]
[EventCountry "USA"]
[SourceVersion "1"]
[SourceVersionDate "2018.06.14"]
[SourceQuality "1"]
[WhiteTeam "GERMANY"]
[BlackTeam "SLOVENIA"]
[WhiteTeamCountry "GER"]
[BlackTeamCountry "SLO"]

1. e4 c5 2. Nc3 d6 3. f4 g6 4. Nf3 Bg7 5. Bc4 Nc6 6. O-O e6 7. d3 Nge7 8. Qe1
Nd4 9. Nxd4 cxd4 10. Ne2 O-O 11. Bb3 Kh8 12. Kh1 e5 13. fxe5 dxe5 14. Rxf7 Rxf7
15. Bxf7 Qf8 16. Bb3 Qf6 17. Ng1 Bd7 18. Nf3 h6 19. Bd2 Nc6 20. Qg3 Rf8 21. h3
Be6 22. Nh4 g5 23. Bxe6 gxh4 24. Qg4 Qf2 25. Rd1 Rf6 26. Be1 Qxc2 27. Bb3 Qxb2
28. Qc8+ Rf8 29. Qxb7 Nd8 30. Qd7 Qe2 31. Bxh4 Nf7 32. Re1 Qh5 33. Be7 Rb8 34.
Rc1 Kh7 35. Rf1 Ng5 36. Bf6 Qg6 37. Bxe5 Rd8 38. Qxd8 Bxe5 39. Qe7+ Bg7 40. Rf8
h5 41. h4 Nh3 42. gxh3 Qg3 43. Bg8+ Kh8 44. Be6+ Bxf8 45. Qxf8+ Kh7 46. Qg8+
1-0

[Event "29th NATO Chess Championship"]
[Site "Lubbock"]
[Date "2018.06.04"]
[Round "1.2"]
[White "Wells, Daniel J"]
[Black "Helbig, Mark"]
[Result "0-1"]
[WhiteElo "2014"]
[BlackElo "2361"]
[PlyCount "79"]
[EventDate "2018.06.04"]
[EventType "swiss"]
[EventRounds "7"]
[EventCountry "USA"]
[SourceVersion "1"]
[SourceVersionDate "2018.06.14"]
[SourceQuality "1"]
[WhiteTeam "UNITED KINGDOM"]
[BlackTeam "GERMANY"]
[BlackTeamCountry "GER"]

1. e4 d5 2. exd5 Qxd5 3. Nc3 Qd6 4. d4 Nf6 5. Nf3 c6 6. Be2 Bf5 7. O-O e6 8.
Bg5 Nbd7 9. Qd2 Qc7 10. Nh4 Bg6 11. Rfe1 Bd6 12. h3 O-O 13. Nxg6 hxg6 14. Bc4
a6 15. Ne4 Nd5 16. Nxd6 Qxd6 17. c3 Rfe8 18. Rad1 b5 19. Bd3 c5 20. dxc5 Qxc5
21. Be4 N7b6 22. Qd4 Rac8 23. Qxc5 Rxc5 24. Bh4 Rec8 25. Bg3 Nc4 26. Re2 a5 27.
Rd4 a4 28. Rc2 b4 29. cxb4 Nxb4 30. Re2 Nxa2 31. Bb7 Nc1 32. Rc2 Nb3 33. Rd7
Nb6 34. Rxc5 Rxc5 35. Rd8+ Kh7 36. Bd6 Rc1+ 37. Kh2 Rc2 38. Be5 Rxf2 39. Ba6 f6
40. Bc7 0-1

[Event "29th NATO Chess Championship"]
[Site "Lubbock"]
[Date "2018.06.04"]
[Round "1.3"]
[White "Pavlidis, Anastasios"]
[Black "Farrell, John F"]
[Result "1-0"]
[WhiteElo "2357"]
[BlackElo "2008"]
[PlyCount "59"]
[EventDate "2018.06.04"]
[EventType "swiss"]
[EventRounds "7"]
[EventCountry "USA"]
[SourceVersion "1"]
[SourceVersionDate "2018.06.14"]
[SourceQuality "1"]
[WhiteTeam "GREECE"]
[BlackTeam "NATO A"]
[WhiteTeamCountry "GRE"]

1. d4 d5 2. Nf3 Nf6 3. Bf4 c5 4. e3 Nc6 5. c3 Qb6 6. b3 Bg4 7. Bd3 Ne4 8. h3
Bh5 9. O-O e6 10. a4 Be7 11. a5 Qd8 12. a6 b6 13. Bb5 Rc8 14. g4 Nd6 15. Bxd6
Bxd6 16. gxh5 O-O 17. Bxc6 Rxc6 18. Ne5 Rc7 19. Qg4 Re8 20. Nd2 f6 21. Nef3 e5
22. dxe5 fxe5 23. Nh4 Qf6 24. c4 e4 25. cxd5 Qe5 26. f4 exf3 27. Ndxf3 Qxe3+
28. Kh1 Qxb3 29. Nf5 Be5 30. Nxe5 1-0

[Event "29th NATO Chess Championship"]
[Site "Lubbock"]
[Date "2018.06.04"]
[Round "1.4"]
[White "Tucker, David Sidney"]
[Black "Bobula, Mateusz"]
[Result "0-1"]
[WhiteElo "1997"]
[BlackElo "2347"]
[PlyCount "88"]
[EventDate "2018.06.04"]
[EventType "swiss"]
[EventRounds "7"]
[EventCountry "USA"]
[SourceVersion "1"]
[SourceVersionDate "2018.06.14"]
[SourceQuality "1"]
[WhiteTeam "VETERANS A"]
[BlackTeam "POLAND"]
[BlackTeamCountry "POL"]

1. e4 e6 2. d4 d5 3. Nd2 c5 4. Ngf3 Nf6 5. Bb5+ Bd7 6. Bxd7+ Nbxd7 7. exd5 exd5
8. O-O Be7 9. dxc5 Nxc5 10. Nb3 Nce4 11. Be3 O-O 12. h3 Re8 13. Re1 Bd6 14. c3
Qd7 15. Qc2 a6 16. Rad1 Rac8 17. Bd4 Bb8 18. Bxf6 Nxf6 19. Rxe8+ Qxe8 20. Qd3
Qa4 21. Qb1 Re8 22. Rd4 Qc6 23. Rd1 h6 24. Nbd4 Qc7 25. Re1 Re4 26. Qd1 g6 27.
a3 Kg7 28. Kf1 Ba7 29. Qd3 Bxd4 30. cxd4 Rxe1+ 31. Nxe1 Ne4 32. Qc2 Qc4+ 33.
Qxc4 dxc4 34. Ke2 Kf6 35. Nc2 Ke6 36. Ke3 Nd6 37. g4 a5 38. f4 b5 39. Ne1 Kd5
40. Nf3 b4 41. axb4 axb4 42. Ne5 b3 43. h4 c3 44. bxc3 b2 0-1

[Event "29th NATO Chess Championship"]
[Site "Lubbock"]
[Date "2018.06.04"]
[Round "1.5"]
[White "Pedersen, Finn"]
[Black "Koopmeiners, Karl"]
[Result "0-1"]
[WhiteElo "2302"]
[BlackElo "1991"]
[PlyCount "74"]
[EventDate "2018.06.04"]
[EventType "swiss"]
[EventRounds "7"]
[EventCountry "USA"]
[SourceVersion "1"]
[SourceVersionDate "2018.06.14"]
[SourceQuality "1"]
[WhiteTeam "DENMARK"]
[BlackTeam "VETERANS A"]
[WhiteTeamCountry "DEN"]

1. Nf3 d5 2. d4 Nf6 3. c4 e6 4. Bg5 Be7 5. e3 O-O 6. Nc3 b6 7. cxd5 exd5 8. Bd3
Bb7 9. Qb1 Nbd7 10. O-O h6 11. Bf4 Nh5 12. Be5 Nxe5 13. dxe5 g6 14. e6 f5 15.
Ne5 Rf6 16. g4 Rxe6 17. f4 Bc5 18. gxh5 Bxe3+ 19. Rf2 Bxf2+ 20. Kxf2 Qh4+ 21.
Kg1 Qxf4 22. Nxg6 Qg4+ 23. Kf2 d4 24. Ne2 Qf3+ 25. Ke1 Rae8 26. Bc4 Bd5 27. Qd3
Rxe2+ 28. Qxe2 Rxe2+ 29. Bxe2 Qh1+ 30. Bf1 Bc4 31. Kf2 Qxh2+ 32. Bg2 Qxh5 33.
Rg1 Qe2+ 34. Kg3 Kg7 35. Bf3 Qe3 36. Kh2 Kf6 37. Nh4 Qg5 0-1

[Event "29th NATO Chess Championship"]
[Site "Lubbock"]
[Date "2018.06.04"]
[Round "1.6"]
[White "Pirs, Matjaz2"]
[Black "Sypien, Mateusz"]
[Result "0-1"]
[WhiteElo "1983"]
[BlackElo "2248"]
[PlyCount "116"]
[EventDate "2018.06.04"]
[EventType "swiss"]
[EventRounds "7"]
[EventCountry "USA"]
[SourceVersion "1"]
[SourceVersionDate "2018.06.14"]
[SourceQuality "1"]
[WhiteTeam "SLOVENIA"]
[BlackTeam "POLAND"]
[WhiteTeamCountry "SLO"]
[BlackTeamCountry "POL"]

1. Nf3 Nf6 2. d4 g6 3. g3 Bg7 4. Bg2 d6 5. O-O O-O 6. c4 Nbd7 7. Nc3 e5 8. dxe5
dxe5 9. Qc2 c6 10. Rd1 Qe7 11. e4 Re8 12. h3 Nc5 13. Be3 a5 14. b3 Nh5 15. Bxc5
Qxc5 16. Na4 Qe7 17. Nb6 Rb8 18. Nxc8 Rbxc8 19. Nh2 Qc5 20. Nf1 b5 21. Rac1 b4
22. Qe2 Bh6 23. Rb1 Ng7 24. Nh2 Ne6 25. Nf3 Re7 26. h4 Rce8 27. Qc2 Bg7 28. Rd2
Qb6 29. Rbd1 Nc5 30. Re2 Ra7 31. Kh2 a4 32. Red2 axb3 33. axb3 Ra3 34. Rb1 Rea8
35. Rb2 Ra1 36. Ng1 Bh6 37. Rd1 Rxd1 38. Qxd1 Rd8 39. Qf1 Bd2 40. Qb1 Bc3 41.
Ra2 Rd3 42. Bf1 Rd4 43. Bg2 Qd8 44. Bf3 Rd2 45. Kg2 Kg7 46. h5 Qd3 47. Qxd3
Rxd3 48. Ra7 Nxb3 49. h6+ Kxh6 50. Rxf7 Nd4 51. g4 Ne6 52. Nh3 b3 53. Rb7 b2
54. c5 g5 55. Be2 Rxh3 56. Bc4 Nf4+ 57. Kg1 Bd4 58. Rb6 Rc3 0-1

[Event "29th NATO Chess Championship"]
[Site "Lubbock"]
[Date "2018.06.04"]
[Round "1.7"]
[White "Sycz, Dariusz"]
[Black "Duren, Andrew"]
[Result "1-0"]
[WhiteElo "2222"]
[BlackElo "1982"]
[PlyCount "34"]
[EventDate "2018.06.04"]
[EventType "swiss"]
[EventRounds "7"]
[EventCountry "USA"]
[SourceVersion "1"]
[SourceVersionDate "2018.06.14"]
[SourceQuality "1"]
[WhiteTeam "POLAND"]
[BlackTeam "VETERANS A"]
[WhiteTeamCountry "POL"]

1. d4 Nf6 2. Nf3 g6 3. g3 Bg7 4. Bg2 O-O 5. O-O d5 6. c4 c6 7. Nc3 Nbd7 8. cxd5
cxd5 9. Bf4 b6 10. Qb3 Bb7 11. Rac1 Rc8 12. Bh3 e6 13. Nb5 Rxc1 14. Rxc1 a6 15.
Nd6 Qa8 16. Rc7 Rb8 17. Ng5 Bf8 1-0

[Event "29th NATO Chess Championship"]
[Site "Lubbock"]
[Date "2018.06.04"]
[Round "1.8"]
[White "Stankowski, Aleksander"]
[Black "Everett, Elijah"]
[Result "1-0"]
[WhiteElo "1987"]
[BlackElo "2217"]
[PlyCount "85"]
[EventDate "2018.06.04"]
[EventType "swiss"]
[EventRounds "7"]
[EventCountry "USA"]
[SourceVersion "1"]
[SourceVersionDate "2018.06.14"]
[SourceQuality "1"]
[WhiteTeam "NATO B"]
[BlackTeam "GERMANY"]
[BlackTeamCountry "GER"]

1. d4 Nf6 2. c4 g6 3. Nc3 Bg7 4. e4 d6 5. f3 O-O 6. Be3 Nc6 7. Qd2 a6 8. Nge2
Rb8 9. Nc1 e5 10. d5 Nd4 11. Nb3 Nxb3 12. axb3 c5 13. b4 b6 14. b5 a5 15. g4
Ne8 16. h4 f5 17. Bg5 Qc7 18. h5 fxg4 19. hxg6 gxf3 20. Qh2 f2+ 21. Kd2 Nf6 22.
Be2 hxg6 23. Raf1 Qe7 24. Rxf2 Bd7 25. Qh4 Rf7 26. Rhf1 Rbf8 27. Kd3 Qd8 28.
Nd1 Bh8 29. Rh1 Bg7 30. Ne3 Qe8 31. Bxf6 Rxf6 32. Qh7+ Kf7 33. Rxf6+ Kxf6 34.
Rf1+ Kg5 35. Rg1+ Kf6 36. Rf1+ Kg5 37. Qxg7 Rxf1 38. Nxf1 Bxb5 39. cxb5 Qxb5+
40. Ke3 Qxb2 41. Kf3 a4 42. Ne3 Qc1 43. Qe7+ 1-0

[Event "29th NATO Chess Championship"]
[Site "Lubbock"]
[Date "2018.06.04"]
[Round "1.9"]
[White "Andersen, Hans Christoph"]
[Black "Dekker, Ard E"]
[Result "1-0"]
[WhiteElo "2213"]
[BlackElo "1955"]
[PlyCount "83"]
[EventDate "2018.06.04"]
[EventType "swiss"]
[EventRounds "7"]
[EventCountry "USA"]
[SourceVersion "1"]
[SourceVersionDate "2018.06.14"]
[SourceQuality "1"]
[WhiteTeam "GERMANY"]
[BlackTeam "NETHERLANDS"]
[WhiteTeamCountry "GER"]
[BlackTeamCountry "NED"]

1. d4 Nf6 2. c4 g6 3. Nc3 d5 4. Nf3 Bg7 5. h4 O-O 6. h5 Nxh5 7. cxd5 c6 8. dxc6
Nxc6 9. d5 Ne5 10. Nxe5 Bxe5 11. e4 e6 12. Bh6 Qf6 13. Qd2 Bf4 14. Bxf4 Qxf4
15. Qxf4 Nxf4 16. g3 Nh5 17. O-O-O exd5 18. Nxd5 Be6 19. Bg2 Kg7 20. Kb1 Bxd5
21. Rxd5 f6 22. Bf3 Rf7 23. Bxh5 gxh5 24. Rdxh5 Kg8 25. Rd1 Re8 26. f3 Rg7 27.
g4 Re5 28. Rd8+ Kf7 29. Rd7+ Re7 30. Rxe7+ Kxe7 31. Kc2 Kf7 32. Rd5 Kg6 33. Kd3
Re7 34. Ke3 Rc7 35. Kf4 Re7 36. Rd6 Kg7 37. g5 fxg5+ 38. Kxg5 Re5+ 39. Kf4 Rb5
40. b3 b6 41. Rd7+ Kg6 42. Rxa7 1-0

[Event "29th NATO Chess Championship"]
[Site "Lubbock"]
[Date "2018.06.04"]
[Round "1.10"]
[White "Kraft, Chip"]
[Black "Mouroutis, Konstantinos"]
[Result "1-0"]
[WhiteElo "1950"]
[BlackElo "2205"]
[PlyCount "131"]
[EventDate "2018.06.04"]
[EventType "swiss"]
[EventRounds "7"]
[EventCountry "USA"]
[SourceVersion "1"]
[SourceVersionDate "2018.06.14"]
[SourceQuality "1"]
[WhiteTeam "UNITED STATES"]
[BlackTeam "GREECE"]
[WhiteTeamCountry "USA"]
[BlackTeamCountry "GRE"]

1. c4 Nf6 2. g3 g6 3. Nc3 d5 4. cxd5 Nxd5 5. Bg2 Nxc3 6. bxc3 Bg7 7. Nf3 O-O 8.
O-O c5 9. Qa4 Qc7 10. d4 Nc6 11. Rd1 Bf5 12. Ba3 cxd4 13. cxd4 Rfd8 14. Rac1
Qd7 15. d5 Ne5 16. Qxd7 Rxd7 17. Nxe5 Bxe5 18. e4 Rad8 19. exf5 gxf5 20. f4 Bc7
21. Bc5 Ba5 22. Kf2 Rc8 23. Be3 Rcd8 24. Ke2 Bc7 25. Rc2 a6 26. Bd4 Ba5 27.
Rdc1 f6 28. Rc8 Kg7 29. Rxd8 Bxd8 30. Kd3 Rd6 31. Bc5 Rd7 32. Re1 h5 33. h4 Kg6
34. a4 b5 35. axb5 axb5 36. Re6 Kh6 37. Bf3 Kg6 38. Kd4 Kh6 39. Ke3 Kg6 40. Bb6
Bc7 41. Bc5 Bd8 42. Kd4 Kh6 43. Be2 Rb7 44. Bd3 Kg6 45. Bc2 Rd7 46. Bb1 Rb7 47.
Bd3 b4 48. Ba6 Rd7 49. Bxb4 Kf7 50. Be2 Kg6 51. Bc5 Rb7 52. Bc4 Kg7 53. Ba6 Rd7
54. Bb5 Rb7 55. Bc6 Rb3 56. Bxe7 Bb6+ 57. Kc4 Rxg3 58. Bxf6+ Kf8 59. Bg5 Rg1
60. Rf6+ Ke7 61. Rxf5+ Kd6 62. Rf6+ Kc7 63. Rf7+ Kc8 64. Rf8+ Kc7 65. Bd8+ Kd6
66. Rf6# 1-0

[Event "29th NATO Chess Championship"]
[Site "Lubbock"]
[Date "2018.06.04"]
[Round "1.11"]
[White "Werksma, Arie"]
[Black "Hernandez, Albert"]
[Result "0-1"]
[WhiteElo "2199"]
[BlackElo "1950"]
[PlyCount "72"]
[EventDate "2018.06.04"]
[EventType "swiss"]
[EventRounds "7"]
[EventCountry "USA"]
[SourceVersion "1"]
[SourceVersionDate "2018.06.14"]
[SourceQuality "1"]
[WhiteTeam "NETHERLANDS"]
[BlackTeam "VETERANS B"]
[WhiteTeamCountry "NED"]

1. e4 e6 2. d4 d5 3. e5 c5 4. c3 Nc6 5. Nf3 Qb6 6. a3 a5 7. b3 Bd7 8. Be2 cxd4
9. cxd4 Nge7 10. O-O Nf5 11. Bb2 Be7 12. a4 O-O 13. Na3 f6 14. Nb5 fxe5 15.
dxe5 Bc5 16. Rc1 Nh4 17. Nbd4 Nxd4 18. Nxd4 Nf5 19. Nf3 Rac8 20. Bd3 g6 21.
Bxf5 Rxf5 22. Qd3 Rcf8 23. Nd4 Rf4 24. Rcd1 Bxa4 25. Nxe6 Rxf2 26. Rxf2 Bxf2+
27. Kh1 Qxb3 28. Qxb3 Bxb3 29. Rf1 Bc4 30. Ra1 Ra8 31. Ng5 b5 32. e6 d4 33. Ne4
Be3 34. Nf6+ Kf8 35. Nd7+ Ke7 36. Nb6 Ra6 0-1

[Event "29th NATO Chess Championship"]
[Site "Lubbock"]
[Date "2018.06.04"]
[Round "1.12"]
[White "Tammisto, Janek"]
[Black "Pietruszewski, Marcin"]
[Result "0-1"]
[WhiteElo "1940"]
[BlackElo "2198"]
[PlyCount "68"]
[EventDate "2018.06.04"]
[EventType "swiss"]
[EventRounds "7"]
[EventCountry "USA"]
[SourceVersion "1"]
[SourceVersionDate "2018.06.14"]
[SourceQuality "1"]
[WhiteTeam "ESTONIA"]
[BlackTeam "POLAND"]
[WhiteTeamCountry "EST"]
[BlackTeamCountry "POL"]

1. d4 d5 2. Nf3 Nf6 3. Bg5 Ne4 4. Bh4 c5 5. c3 Nc6 6. dxc5 Nxc5 7. Nbd2 g6 8.
e3 Bg7 9. Nd4 O-O 10. Bb5 Qc7 11. O-O e5 12. Bg3 Qb6 13. Bxc6 bxc6 14. N4b3 Nd3
15. Rb1 a5 16. Qc2 Bf5 17. e4 dxe4 18. Nc4 Qc7 19. Qe2 Nf4 20. Bxf4 exf4 21.
Rbd1 h5 22. Nd6 Bg4 23. f3 exf3 24. gxf3 Be6 25. Kg2 a4 26. Nc1 a3 27. Nb3 axb2
28. Qxb2 c5 29. Rf2 Rfb8 30. Qc2 Rxa2 31. Qxa2 Bxb3 32. Ne8 Qe5 33. Rd8 Rxd8
34. Qxb3 Rxe8 0-1

[Event "29th NATO Chess Championship"]
[Site "Lubbock"]
[Date "2018.06.04"]
[Round "1.13"]
[White "Nill, Oliver"]
[Black "Middaugh, Jon S"]
[Result "1-0"]
[WhiteElo "2194"]
[BlackElo "1918"]
[PlyCount "60"]
[EventDate "2018.06.04"]
[EventType "swiss"]
[EventRounds "7"]
[EventCountry "USA"]
[SourceVersion "1"]
[SourceVersionDate "2018.06.14"]
[SourceQuality "1"]
[WhiteTeam "NATO A"]
[BlackTeam "NATO B"]

1. c4 Nf6 2. Nc3 c6 3. e4 d6 4. g3 e5 5. Bg2 g6 6. Nge2 Bg7 7. O-O Bg4 8. h3
Be6 9. d3 O-O 10. f4 Qc8 11. Kh2 Nh5 12. f5 gxf5 13. exf5 Bxf5 14. g4 Bxg4 15.
hxg4 Qxg4 16. Bh3 Qh4 17. Ne4 Nf4 18. Nxf4 exf4 19. Bxf4 Be5 20. Bxe5 dxe5 21.
Qg4+ Qxg4 22. Bxg4 Na6 23. Bf5 Nb4 24. Rf3 f6 25. Rg1+ Kf7 26. Bxh7 Rh8 27.
Rxf6+ Ke8 28. Rg7 Rd8 29. Re6+ Kf8 30. Ree7 Rxh7+ 1-0

[Event "29th NATO Chess Championship"]
[Site "Lubbock"]
[Date "2018.06.04"]
[Round "1.14"]
[White "Wagenaar, Harm Theo"]
[Black "Bohn, Ulrich"]
[Result "0-1"]
[WhiteElo "1911"]
[BlackElo "2185"]
[PlyCount "97"]
[EventDate "2018.06.04"]
[EventType "swiss"]
[EventRounds "7"]
[EventCountry "USA"]
[SourceVersion "1"]
[SourceVersionDate "2018.06.14"]
[SourceQuality "1"]
[WhiteTeam "NETHERLANDS"]
[BlackTeam "GERMANY"]
[WhiteTeamCountry "NED"]
[BlackTeamCountry "GER"]

1. c4 Nf6 2. g3 c5 3. Bg2 Nc6 4. Nc3 g6 5. e4 Bg7 6. Nge2 O-O 7. d3 a6 8. O-O
Rb8 9. a4 d6 10. h3 Nd4 11. Nxd4 cxd4 12. Ne2 Nd7 13. b4 a5 14. b5 Nc5 15. Bb2
e5 16. f4 f5 17. fxe5 dxe5 18. Ba3 Qb6 19. Bxc5 Qxc5 20. Kh2 b6 21. Qd2 Bb7 22.
exf5 gxf5 23. Qg5 Qc8 24. Rac1 Bxg2 25. Kxg2 Qe6 26. Rce1 Qg6 27. Qxg6 hxg6 28.
Ng1 Rbc8 29. Rc1 e4 30. Rfd1 Rfe8 31. Rc2 Rc5 32. Ne2 Rec8 33. dxe4 fxe4 34.
Nxd4 Rxc4 35. Rdc1 Rxc2+ 36. Rxc2 Rxc2+ 37. Nxc2 Kf7 38. Kf2 Ke6 39. Ke3 Kd5
40. g4 Bh6+ 41. Ke2 Bg5 42. Kf2 Kc4 43. Ne3+ Kd3 44. Ng2 Kd2 45. h4 Be7 46. h5
gxh5 47. gxh5 e3+ 48. Kf3 e2 49. Ke4 0-1

[Event "29th NATO Chess Championship"]
[Site "Lubbock"]
[Date "2018.06.04"]
[Round "1.16"]
[White "Peraino, Andrew"]
[Black "Pavlidou, Ekaterini"]
[Result "0-1"]
[WhiteElo "1868"]
[BlackElo "2157"]
[PlyCount "112"]
[EventDate "2018.06.04"]
[EventType "swiss"]
[EventRounds "7"]
[EventCountry "USA"]
[SourceVersion "1"]
[SourceVersionDate "2018.06.14"]
[SourceQuality "1"]
[WhiteTeam "VETERANS B"]
[BlackTeam "GREECE"]
[BlackTeamCountry "GRE"]

1. e4 c5 2. Nf3 Nc6 3. d4 cxd4 4. Nxd4 e6 5. Nc3 Qc7 6. Be2 a6 7. O-O Nf6 8.
Be3 Be7 9. f4 d6 10. Kh1 O-O 11. Qe1 Re8 12. Qg3 Nd7 13. f5 Bf6 14. fxe6 fxe6
15. Rad1 Be5 16. Qg5 Nf8 17. Rf2 Qe7 18. Nxc6 Qxg5 19. Bxg5 bxc6 20. Na4 Rb8
21. b3 c5 22. Bc1 Bb7 23. Bf3 Ng6 24. g3 Rf8 25. Kg2 Rf7 26. Re1 Rbf8 27. Ree2
Bd4 28. Be3 Ne5 29. c3 Bxe3 30. Rxe3 Nxf3 31. Rfe2 Ne5 32. h3 c4 33. Nb2 d5 34.
g4 cxb3 35. axb3 dxe4 36. c4 Nd3 37. Kg3 Rf3+ 38. Rxf3 exf3 39. Rf2 Nxf2 40.
Kxf2 Rd8 41. Na4 Rd2+ 42. Ke1 f2+ 43. Kf1 Be4 44. Nc5 Bd3+ 45. Nxd3 Rxd3 46.
Kxf2 Rxb3 47. h4 a5 48. Ke2 a4 49. Kd2 a3 50. Kc2 Rb8 51. c5 a2 52. c6 a1=Q 53.
c7 Qa4+ 54. Kd3 Rb3+ 55. Kc2 Qa2+ 56. Kc1 Rb1# 0-1

[Event "29th NATO Chess Championship"]
[Site "Lubbock"]
[Date "2018.06.04"]
[Round "1.17"]
[White "Kedzierski, Slawomir"]
[Black "Smit, Jan"]
[Result "1-0"]
[WhiteElo "2146"]
[BlackElo "1850"]
[PlyCount "57"]
[EventDate "2018.06.04"]
[EventType "swiss"]
[EventRounds "7"]
[EventCountry "USA"]
[SourceVersion "1"]
[SourceVersionDate "2018.06.14"]
[SourceQuality "1"]
[WhiteTeam "NATO A"]
[BlackTeam "VETERANS A"]

1. d4 d6 2. Nf3 Nf6 3. c4 g6 4. Nc3 Bg7 5. e4 O-O 6. Be2 Nc6 7. d5 Nb4 8. O-O
e5 9. a3 Na6 10. b4 b6 11. Nd2 Ne8 12. Bb2 f5 13. exf5 gxf5 14. f4 e4 15. Qc2
Nf6 16. Nd1 Qe7 17. Ne3 h5 18. h3 h4 19. Nb3 Nd7 20. Rad1 Bxb2 21. Qxb2 Qf6 22.
Nd4 Qg7 23. Qd2 Ndb8 24. Qe1 Qg3 25. Qxg3+ hxg3 26. Rfe1 Kh7 27. Rc1 Bd7 28.
Rc3 c5 29. dxc6 1-0

[Event "29th NATO Chess Championship"]
[Site "Lubbock"]
[Date "2018.06.04"]
[Round "1.18"]
[White "Van den Heuvel, Tonnie"]
[Black "Schott, Guido"]
[Result "0-1"]
[WhiteElo "1832"]
[BlackElo "2127"]
[PlyCount "56"]
[EventDate "2018.06.04"]
[EventType "swiss"]
[EventRounds "7"]
[EventCountry "USA"]
[SourceVersion "1"]
[SourceVersionDate "2018.06.14"]
[SourceQuality "1"]
[WhiteTeam "NETHERLANDS"]
[BlackTeam "NATO B"]
[WhiteTeamCountry "NED"]

1. c4 c5 2. g3 Nc6 3. Bg2 Nf6 4. Nc3 g6 5. a3 Bg7 6. Rb1 a5 7. b3 O-O 8. Bb2 d6
9. Nh3 e5 10. O-O Bf5 11. e4 Bg4 12. f3 Bd7 13. Ne2 Qc8 14. Nf2 Nh5 15. Nc3 Nd4
16. Nd5 Qd8 17. Nd3 Nf6 18. Bxd4 cxd4 19. f4 Nxd5 20. cxd5 Bb5 21. Qf3 Rc8 22.
Rfc1 Qd7 23. Nb2 Rxc1+ 24. Rxc1 Rc8 25. Qd1 Rxc1 26. Qxc1 exf4 27. gxf4 Qg4 28.
d3 Bh6 0-1

[Event "29th NATO Chess Championship"]
[Site "Lubbock"]
[Date "2018.06.04"]
[Round "1.19"]
[White "Kersic, Matej"]
[Black "Simard, Francois"]
[Result "1-0"]
[WhiteElo "2119"]
[BlackElo "1821"]
[PlyCount "59"]
[EventDate "2018.06.04"]
[EventType "swiss"]
[EventRounds "7"]
[EventCountry "USA"]
[SourceVersion "1"]
[SourceVersionDate "2018.06.14"]
[SourceQuality "1"]

1. e4 c5 2. Nf3 e6 3. c4 Nc6 4. d4 cxd4 5. Nxd4 Nf6 6. Nc3 Bb4 7. Nxc6 bxc6 8.
Bd3 Bxc3+ 9. bxc3 d5 10. exd5 cxd5 11. Ba3 Qc7 12. O-O Bb7 13. cxd5 Nxd5 14.
Bb5+ Bc6 15. Bxc6+ Qxc6 16. Qg4 f5 17. Qxg7 O-O-O 18. Qe5 Rhg8 19. g3 Rg4 20.
Rab1 Nc7 21. Rfd1 Rxd1+ 22. Rxd1 Re4 23. Qh8+ Kb7 24. Rb1+ Ka6 25. Qc8+ Ka5 26.
Bb4+ Ka4 27. Qd8 a5 28. Qd1+ Kb5 29. Qd3+ Ka4 30. Bd6 1-0

[Event "29th NATO Chess Championship"]
[Site "Lubbock"]
[Date "2018.06.04"]
[Round "1.20"]
[White "Ntalampiras, Spyros"]
[Black "Sauer, Marko"]
[Result "1/2-1/2"]
[WhiteElo "1780"]
[BlackElo "2119"]
[PlyCount "88"]
[EventDate "2018.06.04"]
[EventType "swiss"]
[EventRounds "7"]
[EventCountry "USA"]
[SourceVersion "1"]
[SourceVersionDate "2018.06.14"]
[SourceQuality "1"]

1. e4 c5 2. Nf3 e6 3. d4 cxd4 4. Nxd4 a6 5. c4 Nf6 6. Bd3 Qc7 7. O-O d6 8. Nc3
Nbd7 9. Qe2 Ne5 10. Be3 Be7 11. Rac1 Nxd3 12. Qxd3 Ng4 13. f4 O-O 14. Bd2 Qb6
15. Na4 Qa7 16. h3 e5 17. fxe5 Nxe5 18. Qe3 b5 19. cxb5 axb5 20. Nc3 Nc4 21.
Qf2 Nxd2 22. Qxd2 Bd7 23. Kh1 Qb7 24. Nd5 Bd8 25. a3 Ra4 26. Qd3 Rc4 27. b4 Qa7
28. Rxc4 bxc4 29. Qxc4 Qxa3 30. Rf3 Qa1+ 31. Kh2 Qb1 32. Nf5 Qb2 33. Qc3 Qxc3
34. Rxc3 Bxf5 35. exf5 Bf6 36. Nxf6+ gxf6 37. Rd3 Rb8 38. Rxd6 Rxb4 39. Rxf6
Kg7 40. Rc6 Rf4 41. g4 h6 42. Kg3 Rf1 43. Kh4 Rf3 44. Rb6 Ra3 1/2-1/2

[Event "29th NATO Chess Championship"]
[Site "Lubbock"]
[Date "2018.06.04"]
[Round "1.21"]
[White "Onley, David"]
[Black "Langer, Herb"]
[Result "1-0"]
[WhiteElo "2113"]
[BlackElo "1757"]
[PlyCount "61"]
[EventDate "2018.06.04"]
[EventType "swiss"]
[EventRounds "7"]
[EventCountry "USA"]
[SourceVersion "1"]
[SourceVersionDate "2018.06.14"]
[SourceQuality "1"]

1. e4 d6 2. d4 g6 3. Nc3 Bg7 4. Be3 Nf6 5. f3 O-O 6. Qd2 a6 7. O-O-O b5 8. h4
Nh5 9. Nge2 e5 10. g4 exd4 11. Bxd4 Nf6 12. h5 Nc6 13. hxg6 fxg6 14. g5 Nxd4
15. Qxd4 c5 16. Qd2 b4 17. Nd5 Be6 18. gxf6 Rxf6 19. Nef4 Ra7 20. Nxe6 Rxe6 21.
Bc4 Kh8 22. Qh2 h6 23. Rdg1 Kh7 24. Qh3 Re5 25. Qg4 Qe8 26. Rh3 Rh5 27. Rxh5
gxh5 28. Qf5+ Kh8 29. Nf6 Bxf6 30. Qxf6+ Kh7 31. e5 1-0

[Event "29th NATO Chess Championship"]
[Site "Lubbock"]
[Date "2018.06.04"]
[Round "1.22"]
[White "Stuhr, Finn"]
[Black "Mestek, Igor"]
[Result "0-1"]
[WhiteElo "1715"]
[BlackElo "2099"]
[PlyCount "45"]
[EventDate "2018.06.04"]
[EventType "swiss"]
[EventRounds "7"]
[EventCountry "USA"]
[SourceVersion "1"]
[SourceVersionDate "2018.06.14"]
[SourceQuality "1"]

1. e4 e5 2. Nf3 Qe7 3. Nc3 d6 4. Nd5 Qd8 5. h3 c6 6. Nc3 Nf6 7. d4 Nbd7 8. a3
h6 9. Be3 Qe7 10. d5 g6 11. Bc4 c5 12. b4 Qd8 13. Nd2 a6 14. b5 Qa5 15. Ne2
axb5 16. O-O bxc4 17. Nxc4 Qa6 18. Nd2 Bg7 19. f4 exf4 20. Nxf4 O-O 21. Kh1 Ne5
22. Ne2 Nh5 23. Re1 0-1